| 000 | 00560nam a2200181Ia 4500 | ||
|---|---|---|---|
| 008 | 230718s9999 xx 000 0 und d | ||
| 020 | _a9788132230489 | ||
| 041 | _aeng | ||
| 082 |
_a005.7565 _bHOW |
||
| 100 |
_aHows D. _9200145 |
||
| 245 |
_aDefinitive Guide To MongoDB _bA Complete Guide To Dealing With Big Data Using MongoDB |
||
| 250 | _a2nd ed. | ||
| 260 |
_c2013 _bSpringer |
||
| 300 | _a308 | ||
| 365 |
_cRs. _b575.00 |
||
| 700 |
_aHows D.; Membrey P.; Plugge E. & Hawkins T. _9200146 |
||
| 906 |
_dO:0558303-Jul-2017B:IN9207-Jun-2017 _cCOMP _b143.75 |
||
| 999 |
_c344871 _d344871 |
||